000
00311nam a2200121Ia 4500
008
190802s9999 xx 000 0 und d
020
_a
13:978-93-5260-212-4
100
_a
Frank D.Petruzella
245
0
_a
Programmable logic Controllers
260
_a
India
_b
Mc Graw Hill
_c
2017
300
_a
396:p
942
_c
BK
999
_c
2267
_d
2267